000 00359nam a22001217a 4500
082 _aTHE 200
100 _aRAMEEZ KHAN
_915465
245 _aTH-SOF-0985-SAMPLED DATA CONTROL OF NON LINEAR SYSTEMS USING EXTENDED
260 _aNUST COLLEGE OF EME
_bISLAMABAD
_c2001
650 _a MS-ELECT-71 MSTHESIS
700 _aDR FAHAD MUMTAZ MALIK
_917335
942 _cCF
999 _c578657
_d578657